Minecraft Secret Life: All Death Messages - Statistics

General Stats
  • This quiz has been taken 51 times
  • The average score is 26 of 50
Answer Stats
Hint Answer % Correct
2. SolidarityGaming was impaled by Drowned
78%
4. Smallishbeans fell from a high place
75%
11. Mumbo tried to swim in lava
75%
5. LDShadowLady was shot by Skeleton
75%
1. InTheLittleWood was slain by Piglin Brute
75%
8. LDShadowLady was slain by SolidarityGaming
75%
6. InTheLittleWood fell out of the world
72%
3. GeminiTay was slain by Enderman
72%
9. Mumbo fell from a high place
69%
7. SolidarityGaming was doomed to fall by Ender Dragon
69%
10. BdoubleO100 was slain by Zombie
69%
16. Grian was shot by a skull from 1 Stick Wither
59%
14. SolidarityGaming ran out of lives
56%
15. Mumbo ran out of lives
56%
47. Smallishbeans ran out of lives
56%
49. GeminiTay ran out of lives
56%
50. PearlescentMoon ran out of lives
56%
26. GeminiTay was shot by GoodTimeWithScar
56%
21. PearlescentMoon blew up
53%
29. ZombieCleo drowned
53%
45. impulseSV ran out of lives
53%
46. BdoubleO100 ran out of lives
53%
48. Smajor1995 ran out of lives
53%
20. impulseSV was slain by BdoubleO100
53%
41. InTheLittleWood ran out of lives
50%
42. bigbst4tz2 ran out of lives
50%
43. ZombieCleo ran out of lives
50%
44. Grian ran out of lives
50%
23. GoodTimeWithScar was shot by PearlescentMoon
50%
32. PearlescentMoon was slain by GeminiTay using [GeminiSlay]
50%
37. impulseSV was slain by GeminiTay using [GeminiSlay]
50%
19. BdoubleO100 was slain by Zombie
50%
40. Etho ran out of lives
47%
17. bigbst4tz2 was doomed to fall by GoodTimeWithScar
47%
13. Skizzleman was shot by Skeleton
47%
36. Smajor1995 was slain by GeminiTay using [GeminiSlay]
47%
24. Etho was slain by GoodTimeWithScar
47%
18. Smajor1995 was slain by InTheLittleWood
47%
39. Skizzleman ran out of lives
44%
33. Grian was shot by PearlescentMoon
44%
34. ZombieCleo was shot by PearlescentMoon
44%
25. Smallishbeans was slain by GeminiTay using [GeminiSlay]
44%
22. Tango was slain by Wolf
44%
28. Tango was slain by GoodTimeWithScar
41%
35. Etho was slain by GoodTimeWithScar
34%
30. bigbst4tz2 was slain by Smallishbeans
34%
27. Skizzleman was shot by Smallishbeans
31%
12. LDShadowLady ran out of lives
28%
38. Tango ran out of lives
28%
31. GoodTimeWithScar was blown up by Skizzleman
28%
No matching quizzes found
Score Distribution
Percent of People with Each Score
Percentile by Number Answered
Your Score History
You have not taken this quiz